000
00324 a2200133 4500
003
OSt
005
20241221125130.0
008
241221b |||||||| |||| 00| 0 eng d
040
_c
MU
100
_a
SINGH, JASVANT
245
_a
RAJASTHAN KE RAJWADI GEET VOL-1
260
_b
SANGHI PRAKASHAN, JAIPUR
_c
2013
942
_2
ddc
_c
BK
999
_c
219713
_d
219713